Shahjahanabad: The Living City of Old Delhi (Record no. 11366)
[ view plain ]
| 000 -LEADER | |
|---|---|
| fixed length control field | 00387 a2200157 4500 |
| 003 - CONTROL NUMBER IDENTIFIER | |
| control field | OSt |
| 005 - DATE AND TIME OF LATEST TRANSACTION | |
| control field | 20230321154326.0 |
| 008 - FIXED-LENGTH DATA ELEMENTS--GENERAL INFORMATION | |
| fixed length control field | 230321b ||||| |||| 00| 0 eng d |
| 020 ## - INTERNATIONAL STANDARD BOOK NUMBER | |
| International Standard Book Number | 978-9353573478 |
| 082 ## - DEWEY DECIMAL CLASSIFICATION NUMBER | |
| Classification number | 720.95456 |
| Item number | SAF |
| 100 ## - MAIN ENTRY--PERSONAL NAME | |
| Personal name | Rana Safvi |
| 245 ## - TITLE STATEMENT | |
| Title | Shahjahanabad: The Living City of Old Delhi |
| 260 ## - PUBLICATION, DISTRIBUTION, ETC. (IMPRINT) | |
| Name of publisher, distributor, etc | HarperCollins India |
| Date of publication, distribution, etc | 2019 |
| 300 ## - PHYSICAL DESCRIPTION | |
| Extent | 389p;. |
| 942 ## - ADDED ENTRY ELEMENTS (KOHA) | |
| Source of classification or shelving scheme | |
| Withdrawn status | Lost status | Source of classification or shelving scheme | Damaged status | Koha normalized classification for sorting | Not for loan | Permanent location | Current location | Date acquired | Source of acquisition | Cost, normal purchase price | Full call number | Barcode | Date last seen | Cost, replacement price | Price effective from | Koha item type |
|---|---|---|---|---|---|---|---|---|---|---|---|---|---|---|---|---|
| 720_954000000000000_SAF | BMS College of Architecture, Design and Planning | BMS College of Architecture, Design and Planning | 2023-03-16 | 3 | 669.33 | 720.954 SAF | AR-UG2963 | 2023-03-16 | 999.00 | 2023-03-16 | UG Books | |||||
| 720_954000000000000_SAF | BMS College of Architecture, Design and Planning | BMS College of Architecture, Design and Planning | 2023-03-16 | 3 | 669.33 | 720.954 SAF | AR-UG2964 | 2023-03-16 | 999.00 | 2023-03-16 | UG Books |